Score 0/10 Timer 01:00
0 Plays Today
% Correct
My Heart Will Go On
86.4%
Jailhouse Rock
86%
Uptown Girl
83.2%
Crocodile Rock
78.8%
Let's Get It On
76.7%
Lose Yourself
76.4%
In the Air Tonight
74.8%
Hit the Road Jack
67.6%
Can't Feel My Face
62%
Rock Your Body
59.4%

Today's Daily Dose

Quick Pick
Colorful Movies

Get the Picture
Dog Breeds II

Remove Ads.
Support Sporcle.
Get the best of Sporcle when you Go Orange. This ad-free experience offers more features, more stats, and more fun while also helping to support Sporcle. Thank you for becoming a member.

You're not logged in!

Compare scores with friends on all Sporcle quizzes.
OR
Log In

Show Comments

Extras

Top Quizzes Today


Score Distribution

Your Account Isn't Verified!

In order to create a playlist on Sporcle, you need to verify the email address you used during registration. Go to your Sporcle Settings to finish the process.

Report this User

Report this user for behavior that violates our Community Guidelines.

Details: